Normal view
MARC view
- Difference equations
Entry Topical Term
001 - CONTROL NUMBER
- control field: 103271
003 - CONTROL NUMBER IDENTIFIER
- control field: NUST
005 - DATE AND TIME OF LATEST TRANSACTION
- control field: 20221121134001.0
008 - FIXED-LENGTH DATA ELEMENTS
- fixed length control field: 221121|| aca||aabn | a|a d
040 ## - CATALOGING SOURCE
- Original cataloging agency: NUST
- Transcribing agency: NUST
150 ## - HEADING--TOPICAL TERM
- Topical term or geographic name entry element: Difference equations
- General subdivision: Numerical solutions
670 ## - SOURCE DATA FOUND
- Source citation: Work cat.: (NUST)181852: Smith, G. D. 39292, Numerical solution of partial differential equations :, 1978.
